1-10 Letter Q Words Quiz Stats

Quiz Updated Jul 1, 2017

Challenge
Share
Tweet
Embed
Score 0/10 Timer 02:00
0 Plays Today
Hint Q-Word % Correct
The gadget person in James Bond moviesQ
100%
What you're taking right nowquiz
96.6%
The vital life force found in Eastern medicine or martial artsqi
94.1%
Do well enough at the trials to make the Olympic teamqualify
92%
Detain potentially sick people in isolationquarantine
90.4%
A holder for arrowsquiver
82.7%
What word goes here?, e.g.question
78.5%
Make five times largerquintuple
71.9%
One can be sewn at a beequilt
71.1%
Letters that end many mathematical proofsQED
47.2%

You're not logged in!

Compare scores with friends on all Sporcle quizzes.
Sign Up with Email
OR
Log In

You Might Also Like...

Show Comments

Extras

Top Quizzes Today


Score Distribution

Your Account Isn't Verified!

In order to create a playlist on Sporcle, you need to verify the email address you used during registration. Go to your Sporcle Settings to finish the process.